• 首页
  • 本馆介绍
  • 公告通知
  • 最新文献
  • 馆藏检索
  • 电子资源
  • 读者导购
  • 参考咨询
  • 我的图书馆
  • 登录
  • 详细信息显示
  • 放入我的书架
  • 预约/预借图书
  • 作者相关作品
  • 分类相关作品
  • 丛书相关作品
  • 出版社相关作品

书目信息

  • 表格格式
  • 工作单格式
  • 卡片格式
题名:
人类简史
    
 
作者: 房龙 著 ;刘梅 译
分册:  
出版信息: 北京   中国友谊出版公司  2018
页数: 346页
开本: 24cm
丛书名:
单 册:
中图分类: K02-49 , Q98-49
科图分类:
主题词: 社会发展史--she hui fa zhan shi--通俗读物 , 人类学--ren lei xue--通俗读物
电子资源:
ISBN: 978-7-5057-4308-3
000 01656nam0 2200349 450
001 012001006022
005 20131015110258.0
010    @a978-7-5057-4308-3@dCNY68.00
099    @aCAL 012018123082
100    @a20181008d2018 em y0chiy50 ea
101 1  @achi@ceng
102    @aCN@b110000
105    @aa z 000yy
106    @ar
200 1  @a人类简史@Aren lei jian shi@f(美) 房龙著@g刘梅译
210    @a北京@c中国友谊出版公司@d2018
215    @a346页@c图@d24cm
300    @a创美工厂
312    @a封面英文题名:The story of mankind
312    @a封面副题名:听房龙讲人类的故事
314    @a亨德里克·威廉·房龙 (Hendrik Willem Van Loon) (1882-1944),荷兰裔美国作家和历史学家。1921年出版《人类简史》使他一举成名。主要作品《文明的开端》《太平洋的故事》《人类的艺术》《圣经的故事》《宽容》等。
330    @a本书是一部以通俗手法描写人类文明发展史的历史巨著,书中既有宏大而流畅的“大历史”叙述,也有微妙而精彩的人类文明进程中的细节描写。房龙从人类的起源讲起,在本书中讲述了埃及和美索不达米亚文明的源起、希腊与罗马时代的辉煌;沿着宗教兴起的线索讲述到中世纪社会的发展和演变;从城市的兴起、文艺复兴讲述到世界性的宗教改革和各国的革命;在追溯一些主要国家的历史线索时,也讲述了一些重要历史人物的故事。
500 10 @aStory of mankind@mChinese
517 1  @a听房龙讲人类的故事
606 0  @a社会发展史@Ashe hui fa zhan shi@j通俗读物
606 0  @a人类学@Aren lei xue@j通俗读物
690    @aK02-49@v5
690    @aQ98-49@v5
701  1 @a房龙@AFanglong@g(Van Loon, Hendrik Willem),@f1882-1944@4著@3CAL n2004380631#@7jt0yjt0y@7ec0yec0y
702  0 @a刘梅@Aliu mei@4译
801  0 @aCN@b上海新华@c20191020
905    @b1098476-8@dK02-49@e140@f3
    
    人类简史/(美) 房龙著/刘梅译.-北京:中国友谊出版公司,2018
    346页:图;24cm
    创美工厂
    
    ISBN 978-7-5057-4308-3:CNY68.00
    本书是一部以通俗手法描写人类文明发展史的历史巨著,书中既有宏大而流畅的“大历史”叙述,也有微妙而精彩的人类文明进程中的细节描写。房龙从人类的起源讲起,在本书中讲述了埃及和美索不达米亚文明的源起、希腊与罗马时代的辉煌;沿着宗教兴起的线索讲述到中世纪社会的发展和演变;从城市的兴起、文艺复兴讲述到世界性的宗教改革和各国的革命;在追溯一些主要国家的历史线索时,也讲述了一些重要历史人物的故事。
●
相关链接 在E读中查询图书 在五车中查询图书 在当当中查询图书 在豆瓣中查询图书


正题名:人类简史     索取号:K02-49/140         预约/预借

序号 登录号 条形码 馆藏地/架位号 状态 备注
1 1098476   210984764   第二样本阅览室/ [索取号:K02-49/140] 在馆    
2 1098477   210984773   第二借阅区/ [索取号:K02-49/140] 在馆    
3 1098478   210984782   第二借阅区/ [索取号:K02-49/140] 在馆    
唐山师范学院图书馆 欢迎您!
大连网信软件有限公司© 版权所有